| 000 | 01670nam a22002897a 4500 | ||
|---|---|---|---|
| 005 | 20240222153225.0 | ||
| 008 | s2554 th ||||| |||| 00| 0 tha d | ||
| 020 | _a9789740327769 | ||
| 050 | _aHT169.G7 ร276ก 2554 | ||
| 100 | 0 | _aระหัตร โรจนประดิษฐ์ | |
| 245 | 1 | 0 | _aการออกแบบชุมชนเมืองในสหราชอาณาจักร |
| 260 | 3 |
_aกรุงเทพฯ : _bสำนักพิมพ์แห่งจุฬาลงกรณ์มหาวิทยาลัย, _c2554 |
|
| 300 |
_a178 หน้า ; _b 21 ซม. |
||
| 650 | 0 | 4 | _aการออกแบบชุมชน -- สหราชอาณาจักร |
| 650 | 0 | 4 | _aการพัฒนาชุมชนเมือง -- สหราชอาณาจักร |
| 650 | 0 | 4 | _aการใช้ที่ดินในเมือง -- สหราชอาณาจักร |
| 650 | 0 | 4 | _aผังเมือง -- สหราชอาณาจักร |
| 650 | 0 | 4 | _aการออกแบบชุมชน -- อังกฤษ |
| 650 | 0 | 4 | _aการพัฒนาชุมชนเมือง -- อังกฤษ |
| 650 | 0 | 4 | _aการใช้ที่ดินในเมือง -- อังกฤษ |
| 650 | 0 | 4 | _aผังเมือง -- อังกฤษ |
| 850 | _aNALT | ||
| 942 |
_cGB _04 |
||
| 997 | _a40000 ฉ.1 /40001ฉ.2 | ||
| 997 | _c000000000064819 | ||
| 998 |
_aนางสุกัญญา กัลยา _j111 _k นางสาวพจพิณ พรมเอี่ยม |
||
| 999 |
_c64819 _d64819 |
||